[Event "Tournoi du Cavalier Cap d'Agde 2008"]
[Site "Cap d'Agde FRA"]
[Date "2008.10.30"]
[Round "7.1"]
[White "Lefevre, Margaux"]
[Black "Simon, Laurent"]
[Result "1/2-1/2"]
[WhiteElo "1970"]
[BlackElo "2058"]
[EventDate "2008.??.??"]
[PlyCount "68"]

1.e4 c5 2.Nf3 b6 3.c4 Bb7 4.Nc3 e6 5.d4 cxd4 6.Nxd4 a6 7.Nc2 Qc7 8.Bd3 Nc6
9.f4 d6 10.O-O Nf6 11.Be3 Be7 12.Qf3 Na5 13.Qe2 Rc8 14.c5 dxc5 15.Bxa6 O-O
16.Bxb7 Qxb7 17.Qf3 b5 18.e5 Nd5 19.Ne4 Nxe3 20.Nxe3 c4 21.Rad1 Rcd8 22.f5
Rxd1 23.Rxd1 exf5 24.Nxf5 Qb6+ 25.Kf1 Qe6 26.Qh5 Nc6 27.Nxe7+ Qxe7 28.Ng5 
h6 29.Nf3 Rd8 30.Rxd8+ Qxd8 31.Qf5 Nd4 32.Nxd4 Qxd4 33.Qc8+ Kh7 34.Qf5+ 
Kg8 1/2-1/2

[Event "Tournoi du Cavalier Cap d'Agde 2008"]
[Site "Cap d'Agde FRA"]
[Date "2008.10.31"]
[Round "8.9"]
[White "Houriez, Alain"]
[Black "Armas, Lara-Maria"]
[Result "1/2-1/2"]
[WhiteElo "2049"]
[BlackElo "1920"]
[EventDate "2008.??.??"]
[PlyCount "137"]

1.Nf3 d5 2.c4 e6 3.g3 Nf6 4.Bg2 Bd6 5.Nc3 O-O 6.d4 b6 7.Bg5 Bb7 8.cxd5 
exd5 9.O-O h6 10.Bxf6 Qxf6 11.Nb5 Nd7 12.Rc1 c6 13.Nxd6 Qxd6 14.Qa4 Rfe8 
15.e3 c5 16.Qa3 Qe6 17.dxc5 bxc5 18.Rfd1 Rec8 19.Nd2 Rc7 20.Nb3 Rac8 21.
Rd2 a6 22.Rdc2 Qb6 23.Bh3 c4 24.Nd4 Re8 25.b3 Ne5 26.Bf1 Rec8 27.bxc4 Nxc4
28.Qa4 a5 29.Qb5 Qxb5 30.Nxb5 Rc5 31.Nd6 R8c7 32.Nxc4 dxc4 33.Rxc4 Rxc4 
34.Rxc4 Rd7 35.Rd4 Rxd4 36.exd4 Bd5 37.a3 Kf8 38.Bg2 Bc4 39.f4 Ke7 40.Kf2 
Kd6 41.Ke3 Be6 42.Be4 Bc4 43.Kd2 Bb3 44.Kc3 Be6 45.Bd3 f6 46.f5 Bc8 47.Be4
Bd7 48.Kd3 Ba4 49.Ke3 Bb3 50.Kf4 Bd1 51.h4 Be2 52.g4 Bd1 53.g5 hxg5+ 54.
hxg5 Be2 55.gxf6 gxf6 56.Ke3 Bb5 57.Bd3 Ba4 58.Bc4 Bd7 59.Ke4 Be8 60.Be6 
Bh5 61.Kd3 Be8 62.Kc4 Ba4 63.Bc8 Bc6 64.d5 Ba4 65.Bb7 Bd7 66.Bc6 Bxf5 67.
Kb5 Be4 68.Kxa5 Bxd5 69.Bb5 1/2-1/2

[Event "Tournoi du Cavalier Cap d'Agde 2008"]
[Site "Cap d'Agde FRA"]
[Date "2008.10.31"]
[Round "8.8"]
[White "Ayasse, Frederic"]
[Black "Schott, Raimund"]
[Result "1/2-1/2"]
[WhiteElo "1951"]
[BlackElo "2053"]
[EventDate "2008.??.??"]
[PlyCount "57"]

1.Nf3 Nf6 2.c4 e6 3.g3 d5 4.b3 Be7 5.Bg2 O-O 6.Bb2 c5 7.O-O Nc6 8.e3 b6 9.
Nc3 Bb7 10.Qe2 dxc4 11.bxc4 Qd7 12.Rfd1 Rad8 13.d4 cxd4 14.exd4 Rfe8 15.
Rac1 Bb4 16.Ne4 Nxe4 17.Qxe4 Qe7 18.Qe3 h6 19.h4 Na5 20.Ne5 Bxg2 21.Kxg2 
Rc8 22.Qe2 Red8 23.c5 Nc6 24.cxb6 Nxe5 25.dxe5 Qb7+ 26.Qf3 Qxf3+ 27.Kxf3 
axb6 28.Rxc8 Rxc8 29.Bd4 1/2-1/2

[Event "Tournoi du Cavalier Cap d'Agde 2008"]
[Site "Cap d'Agde FRA"]
[Date "2008.10.31"]
[Round "8.7"]
[White "Charvin, Olivier"]
[Black "Vigneron, Quentin"]
[Result "1/2-1/2"]
[WhiteElo "2066"]
[BlackElo "1927"]
[EventDate "2008.??.??"]
[PlyCount "178"]

1.e4 c5 2.c3 d5 3.exd5 Qxd5 4.d4 Nc6 5.Nf3 Nf6 6.Be2 cxd4 7.cxd4 e6 8.Nc3 
Qd6 9.O-O Be7 10.a3 O-O 11.Be3 b6 12.Qd2 Bb7 13.Rfd1 Rfd8 14.Rac1 Rac8 15.
h3 Na5 16.Bf4 Qd7 17.Bb5 Bc6 18.Ne5 Qb7 19.Nxc6 Nxc6 20.Qe3 a6 21.Be2 Na5 
22.Bf3 Qd7 23.d5 Bc5 24.Qe1 Nb3 25.dxe6 Qxe6 26.Qxe6 fxe6 27.Rxd8+ Rxd8 
28.Re1 Nd4 29.Bb7 a5 30.Be5 Kf7 31.Na4 Nb3 32.Ba6 Rd2 33.Nxc5 Nxc5 34.Bc3 
Rc2 35.Bc8 Nfe4 36.Bd4 Rd2 37.Bxc5 Nxc5 38.b4 Nd3 39.Rxe6 axb4 40.axb4 
Nxb4 41.Rxb6 Rd4 42.Bb7 Nd3 43.Kf1 Ne5 44.Ke2 Rd2+ 45.Kxd2 Nc4+ 46.Kd3 
Nxb6 47.Ke4 Kf6 48.h4 Nd7 49.Bd5 Nf8 50.g4 h6 51.h5 Nd7 52.Bg8 Ne5 53.f3 
Nd7 54.Bh7 Nc5+ 55.Kd5 Nb3 56.Kd6 Nd2 57.Be4 Nc4+ 58.Kd7 Ne3 59.Ke8 Ng2 
60.Kd7 Ne3 61.Kd6 Nc4+ 62.Kd5 Ne5 63.Kd4 Nf7 64.Ke3 Ne5 65.Kf2 Nf7 66.Kg3 
Ng5 67.Bc2 Ne6 68.Bd3 Nd4 69.f4 Nc6 70.Kh4 g5+ 71.hxg6 Kg7 72.Kg3 Ne7 73.
Kf3 Ng8 74.f5 Nf6 75.Kf4 Ng8 76.Ke5 Nf6 77.Be2 Ng8 78.Kd6 Nf6 79.Bf3 Ng8 
80.Ke6 Nf6 81.Ke5 Ng8 82.Bd1 Nf6 83.Kf4 Ng8 84.Bb3 Nf6 85.Bf7 Nd7 86.Be6 
Nf6 87.g5 hxg5+ 88.Kxg5 Ne8 89.Kf4 Nf6 1/2-1/2

[Event "Tournoi du Cavalier Cap d'Agde 2008"]
[Site "Cap d'Agde FRA"]
[Date "2008.10.31"]
[Round "8.6"]
[White "Mora, Pascal"]
[Black "Penalver, Frederic"]
[Result "1-0"]
[WhiteElo "2096"]
[BlackElo "1941"]
[EventDate "2008.??.??"]
[PlyCount "114"]

1.e4 d5 2.exd5 Qxd5 3.Nc3 Qd6 4.d4 Nf6 5.Bc4 a6 6.Nge2 Bg4 7.f3 Bh5 8.Bf4 
Qb6 9.g4 Qc6 10.Bb3 Qxf3 11.Rf1 Qxg4 12.Bxc7 g6 13.Nd5 Nbd7 14.Be5 O-O-O 
15.Nxf6 exf6 16.Bg3 Re8 17.Bc4 Bh6 18.Bd3 Re7 19.c3 Rhe8 20.Rf2 Re3 21.Qb3
Rxg3 22.Qc4+ Kb8 23.hxg3 Qxg3 24.Qxf7 Re6 25.Qxd7 Bg5 26.Qd5 Bf3 27.Qd8+ 
Ka7 28.Qc8 Bh4 29.Qc5+ Kb8 30.Qf8+ Kc7 31.Qc5+ Kd8 32.Qf8+ Re8 33.Qxe8+ 
Kxe8 34.Nxg3 Bxg3 35.Kf1 Bxf2 36.Kxf2 Bg4 37.Kg3 Be6 38.Rh1 Bg8 39.Kf4 f5 
40.c4 Ke7 41.Ke5 h5 42.d5 Bf7 43.b4 Be8 44.Bc2 Bd7 45.c5 Be8 46.a4 Bd7 47.
d6+ Kf7 48.Bb3+ Kg7 49.Be6 f4 50.Bxd7 f3 51.Bc8 Kf7 52.Bxb7 f2 53.c6 g5 
54.c7 g4 55.c8=Q g3 56.Qe6+ Kf8 57.Qf6+ Kg8 1-0

[Event "Tournoi du Cavalier Cap d'Agde 2008"]
[Site "Cap d'Agde FRA"]
[Date "2008.10.31"]
[Round "8.5"]
[White "Gelas, Christophe"]
[Black "Marceau, Amaury"]
[Result "1-0"]
[WhiteElo "1898"]
[BlackElo "1678"]
[EventDate "2008.??.??"]
[PlyCount "57"]

1.d4 Nf6 2.c4 g6 3.Nc3 Bg7 4.e4 d6 5.f3 O-O 6.Be3 e5 7.d5 Nbd7 8.b4 a5 9.
a3 h6 10.Bd3 Nh5 11.Nge2 Kh7 12.O-O axb4 13.axb4 Rxa1 14.Qxa1 Nf4 15.Nxf4 
exf4 16.Bf2 Qf6 17.Rc1 Ne5 18.Be2 Qg5 19.Kh1 f5 20.Qa5 Qe7 21.c5 dxc5 22.
Bxc5 Qf7 23.Bxf8 Bxf8 24.exf5 Bxf5 25.Ne4 Bxe4 26.Rxc7 Be7 27.fxe4 f3 28.
gxf3 Nxf3 29.d6 1-0

[Event "Tournoi du Cavalier Cap d'Agde 2008"]
[Site "Cap d'Agde FRA"]
[Date "2008.10.31"]
[Round "8.4"]
[White "Gueriche, Guillaume"]
[Black "Saliou, Jean-Yves"]
[Result "1-0"]
[WhiteElo "1934"]
[BlackElo "1987"]
[EventDate "2008.??.??"]
[PlyCount "83"]

1.e4 d6 2.Nc3 Nf6 3.d3 g6 4.Be2 Bg7 5.Be3 c5 6.f3 Nc6 7.Qd2 h6 8.f4 Nd4 9.
Nd1 Nxe2 10.Nxe2 Bg4 11.O-O Qb6 12.c3 O-O 13.Nf2 e5 14.fxe5 dxe5 15.b4 Qc6
16.Nxg4 Nxg4 17.Bxc5 Rfe8 18.h3 b6 19.Be3 Nxe3 20.Qxe3 Rad8 21.Kh1 Rd6 22.
Qf3 Qb7 23.c4 Red8 24.Rad1 Qd7 25.Nc3 Rf6 26.Qe2 Rxf1+ 27.Qxf1 f5 28.exf5 
Rf8 29.Qe2 Rxf5 30.Nd5 Qf7 31.Kg1 Kh8 32.g4 Rf4 33.Nxf4 exf4 34.Kg2 Bd4 
35.Rf1 g5 36.Qe4 Bc3 37.h4 Kg7 38.hxg5 hxg5 39.Rh1 f3+ 40.Kf1 Kf8 41.Qa8+ 
Kg7 42.Qh8+ 1-0

[Event "Tournoi du Cavalier Cap d'Agde 2008"]
[Site "Cap d'Agde FRA"]
[Date "2008.10.31"]
[Round "8.3"]
[White "Dujardin, Franck"]
[Black "Auroy, Didier"]
[Result "1/2-1/2"]
[WhiteElo "2062"]
[BlackElo "1972"]
[EventDate "2008.??.??"]
[PlyCount "150"]

1.e4 c5 2.Nf3 g6 3.d4 cxd4 4.Qxd4 Nf6 5.Bb5 Nc6 6.Bxc6 bxc6 7.e5 Nd5 8.e6 
f6 9.exd7+ Bxd7 10.O-O Bg7 11.c4 e5 12.Qd1 Nb6 13.Qe2 O-O 14.Nc3 Be6 15.b3
Qc7 16.Ba3 Rfd8 17.Rad1 Rxd1 18.Rxd1 Rd8 19.Ne4 Rxd1+ 20.Qxd1 Qd7 21.Qe2 
Qd8 22.h3 Nc8 23.Qe1 Bf7 24.Qb4 h6 25.Qb8 Qe8 26.Bc5 f5 27.Nd6 Nxd6 28.
Qxd6 e4 29.Ne1 Be5 30.Qe7 Qxe7 31.Bxe7 g5 32.Bc5 Bc3 33.Nc2 a5 34.Bd4 Bd2 
35.Kf1 a4 36.Ke2 axb3 37.axb3 Ba5 38.Bc5 Be6 39.Ke3 Bd8 40.Nd4 Bd7 41.g4 
fxg4 42.hxg4 Kf7 43.Kxe4 Kf6 44.f3 Bc7 45.Bf8 Kg6 46.c5 h5 47.gxh5+ Kxh5 
48.Bd6 Ba5 49.Nf5 Kg6 50.Nd4 Bc3 51.Ne2 Bf5+ 52.Ke3 Bb2 53.Ng3 Bc2 54.b4 
Bc3 55.b5 cxb5 56.c6 Bb3 57.Ne4 Ba5 58.Kd4 Bd1 59.Nd2 Bb6+ 60.Ke5 g4 61.f4
g3 62.f5+ Kf7 63.Ne4 g2 64.Ng5+ Ke8 65.Bc5 Bc7+ 66.Ke6 Bb3+ 67.Kf6 Bd8+ 
68.Kg6 Bxg5 69.Kxg5 Kd8 70.Kf4 Kc7 71.Kg3 Kxc6 72.Be3 Bd5 73.Kf2 Kd6 74.
Bd4 Bc4 75.f6 Ke6 1/2-1/2

[Event "Tournoi du Cavalier Cap d'Agde 2008"]
[Site "Cap d'Agde FRA"]
[Date "2008.10.31"]
[Round "8.2"]
[White "Simon, Laurent"]
[Black "Muha, Zdravko"]
[Result "1/2-1/2"]
[WhiteElo "2058"]
[BlackElo "2086"]
[EventDate "2008.??.??"]
[PlyCount "101"]

1.e4 d5 2.exd5 Qxd5 3.Nc3 Qe5+ 4.Nge2 c6 5.d4 Qa5 6.g3 Bg4 7.Bg2 e6 8.O-O 
Nf6 9.Bd2 Qc7 10.Bf4 Qd7 11.a3 Bd6 12.Qd2 O-O 13.Rfe1 Na6 14.f3 Bf5 15.Ne4
Be7 16.b4 Nd5 17.c4 Nxf4 18.Qxf4 Nc7 19.Nc5 Qc8 20.Nc3 b6 21.N5e4 Rd8 22.
Rad1 a5 23.b5 cxb5 24.d5 exd5 25.cxd5 Bxe4 26.fxe4 Bc5+ 27.Kh1 f6 28.Bf3 
Bd6 29.Qh4 Qd7 30.Bg4 Qe7 31.Bf5 g6 32.Bh3 Re8 33.Bf1 b4 34.Nb5 Nxb5 35.
Bxb5 Red8 36.a4 Rac8 37.Bc6 Qe5 38.Qg4 Rc7 39.Rb1 Re7 40.Bb5 Kg7 41.Kg2 h5
42.Qh3 Bc5 43.Kf1 Rf8 44.Kg2 Qd4 45.Qh4 g5 46.Qxh5 Rxe4 47.Qf3 Re5 48.Red1
g4 49.Qf4 Qxf4 50.gxf4 Re3 51.d6 1/2-1/2

[Event "Tournoi du Cavalier Cap d'Agde 2008"]
[Site "Cap d'Agde FRA"]
[Date "2008.10.31"]
[Round "8.1"]
[White "Lefevre, Margaux"]
[Black "Fageot, Julien"]
[Result "1-0"]
[WhiteElo "1970"]
[BlackElo "2022"]
[EventDate "2008.??.??"]
[PlyCount "47"]

1.e4 e6 2.d4 d5 3.Nc3 Nf6 4.Bg5 Be7 5.e5 Nfd7 6.h4 c6 7.Qg4 f6 8.Bf4 g6 9.
Bd3 f5 10.Qg3 Nf8 11.Bh6 Nbd7 12.Nf3 c5 13.O-O-O cxd4 14.Nxd4 Nc5 15.f4 
Nxd3+ 16.Rxd3 Bd7 17.h5 Kf7 18.Rhd1 Qb6 19.Nxf5 exf5 20.Nxd5 Qc5 21.Nxe7 
Bb5 22.Rd6 Ne6 23.hxg6+ Kxe7 24.Qh4+ 1-0

[Event "Tournoi du Cavalier Cap d'Agde 2008"]
[Site "Cap d'Agde FRA"]
[Date "2008.11.01"]
[Round "8.10"]
[White "Boukhris-Ferre, Yacine"]
[Black "Fournier, Camille"]
[Result "1/2-1/2"]
[WhiteElo "1916"]
[BlackElo "2030"]
[EventDate "2008.??.??"]
[PlyCount "84"]

1.e4 c6 2.d4 d5 3.Nc3 dxe4 4.Nxe4 Bf5 5.Ng3 Bg6 6.N1e2 e6 7.h4 h6 8.Nf4 
Bh7 9.Bc4 Nf6 10.Qe2 Bd6 11.Ngh5 O-O 12.g4 Nd5 13.g5 Nxf4 14.Nxf4 Bxf4 15.
Bxf4 Qxd4 16.Be5 Qe4 17.Rg1 Nd7 18.Qxe4 Bxe4 19.Bd6 Rfe8 20.gxh6 g6 21.
O-O-O Bf3 22.Rd4 Bh5 23.Rd2 Nb6 24.Bd3 Rad8 25.Bc7 Rc8 26.Be5 Kh7 27.Bg7 
Rcd8 28.c4 Rd7 29.Rg5 f5 30.b3 Bg4 31.Rxg4 fxg4 32.h5 Rxg7 33.hxg7 Kxg7 
34.Bxg6 Rf8 35.Kd1 a5 36.Ke2 a4 37.Rd4 axb3 38.axb3 Kh6 39.Rxg4 Nd7 40.Rd4
Ne5 41.Re4 Nxg6 42.hxg6 Rf6 1/2-1/2

[Event "Club Owl21"]
[Site "Owl21.com"]
[Date "2008.11.03"]
[Round "?"]
[White "fredo"]
[Black "pierroo82"]
[Result "1-0"]
[WhiteElo "1782"]
[BlackElo "1838"]
[EventDate "2008.??.??"]
[Annotator ",Fred"]
[PlyCount "43"]
[TimeControl "900"]

1.c4 e6 2.d3 d5 3.cxd5 exd5 4.Nc3 c6 5.Nf3 h6 6.g3 Bd6 7.Bg2 Nf6 8.O-O O-O
9.e4 Bg4 10.Re1 Re8 11.Qb3 dxe4 12.dxe4 Qc7 13.Bd2 Nbd7 14.Rac1 Nc5 15.Qc2
Re7 16.b4 Na6 17.a3 Rae8 18.Nd4 
    ( 18.Be3 Nxe4 $2 19.Nxe4 Rxe4 20.Ng5 hxg5 21.Bxe4 $18 )
18...Be5 19.Nf5 Bxf5 20.exf5 Bd4 21.Ne4 Ng4 {System: Time control of this 
game is 15/0 FOD Victory: +19 ELO Draw: +2 ELO Loss: -16 ELO fredo: c 
complique cette position Buho21: Tournament KO21 was finished. Type /go 
KO21 to see final results. Winner is: basilef. Buho21: Next tournament 
KO21 will start at 00:00. For more info type: /tournaments pierroo82: ui 
pierroo82: tres pierroo82: c pr ca ke je reste a fond pierroo82: c une 
tres bel partie pierroo82: me jme sen un pe mieu dans latake pierroo82: 
apres peut etre ktu va mexploser pierroo82: me kan ca va peter ca va faire
mal pierroo82: reste a savoir de kel cote fredo: lol pierroo82: c une 
partie de 2000 ca !! pierroo82: fredo: au moins !! pierroo82: pa de 1700 
mdrrr pierroo82: ca c clair pierroo82: je croi kon a joue ke des bon cou 
System: pierroo82 has disconnected from the game System: 1-0 Disconnection
System: Your rating is1782 ---> 1801 System: pierroo82 has connected to 
game pierroo82: kel degout fredo: on peu analyser la pierroo82: ui 
pierroo82: tu a fritz ? fredo: oui fredo: j'ouvre pierroo82: car moi je 
rien :s pierroo82: a si je fritz pierroo82: 6.32 pierroo82: 5.32 Buho21: 
In 5 minutes a new tournament Fenix will start Buho21: In 5 minutes a new 
tournament Tetractis will start Buho21: In 5 minutes a new tournament 
Comepiezas will start Buho21: In 5 minutes a new tournament Blitz will 
start pierroo82: 22 eme cou pierroo82: fritz di e5 pierroo82: pour le blan
fredo: il n'y a pas de pion e5 la... pierroo82: maintenant pierroo82: la !
fredo: essaye de jouer fredo: un coup pierroo82: ok pierroo82: je restere 
sur mon ided moi fredo: je comprends pas, je vois rien qui peut aller sur 
e5 dans cette position pierroo82: on a jouer ke des cou de fritz fredo: 
enfin pas de pion en tout cas fredo: c vrai ?? pierroo82: tou nos cou sont
dans les 3 meilleur coups pierroo82: jte prome pierroo82: lol fredo: ptdr 
!!! pierroo82: fritz contr fritz pierroo82: looooooooooooool pierroo82: 
aten jfini fredo: oki pierroo82: mdrr pierroo82 : fritz di nul kan je deco
pierroo82: mdrrr pierroo82: aluscinant pierroo82: cet parti pierroo82: en 
souvenir pierroo82: c tre solide des deux cote pierroo82: ca ore ete bien 
ke romain la voi cel la fredo: ouaip c clair, la partie est tres equilibre
!! pierroo82: ^^ fredo: on est trop fort ^^^^ pierroo82: pierroo82: en 
reflechissant , dison ke ca va mieu fredo: pierroo82: contre le 2300 cete 
une parti du stile tu voi pierroo82: me la iave pas le choix mdrr fredo: 
superbe position... je garde la partie en tout cas pierroo82: ui} 22.Be3 {
System: Time control of this game is 15/0 FOD Victory: +19 ELO Draw: +2 
ELO Loss: -16 ELO fredo: c complique cette position Buho21: Tournament 
KO21 was finished. Type /go KO21 to see final results. Winner is: basilef.
Buho21: Next tournament KO21 will start at 00:00. For more info type: 
/tournaments pierroo82: ui pierroo82: tres pierroo82: c pr ca ke je reste 
a fond pierroo82: c une tres bel partie pierroo82: me jme sen un pe mieu 
dans latake pierroo82: apres peut etre ktu va mexploser pierroo82: me kan 
ca va peter ca va faire mal pierroo82: reste a savoir de kel cote fredo: 
lol pierroo82: c une partie de 2000 ca !! pierroo82: fredo: au moins !! 
pierroo82: pa de 1700 mdrrr pierroo82: ca c clair pierroo82: je croi kon a
joue ke des bon cou System: pierroo82 has disconnected from the game 
System: 1-0 Disconnection System: Your rating is1782 ---> 1801 System: 
pierroo82 has connected to game pierroo82: kel degout fredo: on peu 
analyser la pierroo82: ui pierroo82: tu a fritz ? fredo: oui fredo: 
j'ouvre pierroo82: car moi je rien :s pierroo82: a si je fritz pierroo82: 
6.32 pierroo82: 5.32 Buho21: In 5 minutes a new tournament Fenix will 
start Buho21: In 5 minutes a new tournament Tetractis will start Buho21: 
In 5 minutes a new tournament Comepiezas will start Buho21: In 5 minutes a
new tournament Blitz will start pierroo82: 22 eme cou pierroo82: fritz di 
e5 pierroo82: pour le blan fredo: il n'y a pas de pion e5 la... pierroo82:
maintenant pierroo82: la ! fredo: essaye de jouer fredo: un coup 
pierroo82: ok pierroo82: je restere sur mon ided moi fredo: je comprends 
pas, je vois rien qui peut aller sur e5 dans cette position pierroo82: on 
a jouer ke des cou de fritz fredo: enfin pas de pion en tout cas fredo: c 
vrai ?? pierroo82: tou nos cou sont dans les 3 meilleur coups pierroo82: 
jte prome pierroo82: lol fredo: ptdr !!! pierroo82: fritz contr fritz 
pierroo82: looooooooooooool pierroo82: aten jfini fredo: oki pierroo82: 
mdrr pierroo82: fritz di nul kan je deco pierroo82: mdrrr pierroo82: 
aluscinant pierroo82: cet parti pierroo82: en souvenir pierroo82: c tre 
solide des deux cote pierroo82: ca ore ete bien ke romain la voi cel la 
fredo: ouaip c clair, la partie est tres equilibre !! pierroo82: ^^ fredo:
on est trop fort ^^^^ pierroo82: pierroo82: en reflechissant , dison ke ca
va mieu fredo: pierroo82: contre le 2300 cete une parti du stile tu voi 
pierroo82: me la iave pas le choix mdrr fredo: superbe position... je 
garde la partie en tout cas pierroo82: ui} 
    ( 22.Bf3 Rxe4 23.Rxe4 Rxe4 24.Qxe4 Bxf2+ 25.Kg2 Nf6 26.Qf4 )
1-0

[Event "N4- Castel/Ramonville"]
[Site "?"]
[Date "2009.03.15"]
[Round "?"]
[White "Roques, Olivier"]
[Black "Olivères , Didier"]
[Result "1-0"]
[WhiteElo "1800"]
[BlackElo "1838"]
[EventDate "2009.03.15"]
[PlyCount "59"]
[SourceDate "2009.03.15"]

1.Nf3 Nf6 2.g3 g6 3.Bg2 Bg7 4.O-O d6 5.d4 O-O 6.c4 c6 7.Nc3 Nbd7 8.e4 e5 
9.h3 Re8 10.Be3 Qc7 11.dxe5 dxe5 12.Nd2 Nh5 13.c5 b5 14.cxb6 axb6 15.Rc1 
Ba6 16.Re1 Qb7 17.b4 Red8 18.a4 Bd3 19.Qb3 Nf8 20.b5 cxb5 21.axb5 Ra5 22.
Nd5 Bxb5 23.Bxb6 Ba4 24.Rc7 Qa6 25.Ne7+ Kh8 26.Qxf7 Nd7 27.Rxd7 Bxd7 28.
Bxd8 Nf6 29.Bxa5 Be6 30.Nxg6+ 1-0

[Event "N4-Castel/Ramonville"]
[Site "?"]
[Date "2009.03.19"]
[Round "?"]
[White "Jung, Pascal"]
[Black "Lacroix, Romain"]
[Result "1/2-1/2"]
[WhiteElo "2046"]
[BlackElo "2163"]
[EventDate "2009.03.15"]
[Annotator ",Michko"]
[PlyCount "108"]
[SourceDate "2009.03.15"]

1.d4 d5 2.c4 c6 3.Nf3 Nf6 4.e3 a6 5.Nc3 b5 6.c5 Bg4 7.Qb3 Nbd7 8.a4 Bxf3 
9.gxf3 e5 10.Qa3 Rc8 11.Bh3 Qc7 12.axb5 axb5 13.Qa5 Be7 14.Qxc7 Rxc7 15.
Ra8+ Bd8 16.O-O O-O 17.Bd2 Be7 18.Rfa1 g5 19.R1a7 $16 Rxa8 20.Rxa8+ 
    ( 20.Rxc7 $1 )
20...Kg7 21.Na2 exd4 22.exd4 Nh5 23.Ba5 Rb7 24.Nb4 Nf4 25.Bf1 
    ( 25.Bxd7 $1 )
25...Nb8 26.Nc2 Bf6 27.Bc3 Kg6 28.Bd2 Bg7 29.Be3 Ne6 30.Bh3 f5 31.Ra1 h5 
32.Rd1 Ra7 33.Nb4 Ra4 34.Nc2 g4 35.fxg4 hxg4 36.Bf1 f4 37.b3 Ra2 38.Bc1 
Rxc2 39.Bd3+ Kg5 40.Bxc2 Nxd4 41.Bd3 Nxb3 42.Bxb5 Nxc1 43.Rxc1 cxb5 44.c6 
Nxc6 45.Rxc6 b4 46.Rc5 Kf5 47.Rxd5+ Ke4 48.Rb5 Bc3 49.Kg2 Kd4 50.f3 Ke3 
51.Rb8 gxf3+ 52.Kf1 Kd3 53.Kf2 Kc4 54.Kxf3 b3 1/2-1/2

[Event "N4-Castel/Ramonville"]
[Site "?"]
[Date "2009.03.19"]
[Round "?"]
[White "Forestie, Pierre"]
[Black "Tourenne, Dominique"]
[Result "1-0"]
[WhiteElo "2043"]
[BlackElo "1840"]
[EventDate "2009.03.15"]
[PlyCount "67"]
[SourceDate "2009.03.15"]

1.c4 e5 2.Nc3 Nf6 3.g3 c6 4.d4 exd4 5.Qxd4 d5 6.Bg2 Be6 7.cxd5 cxd5 8.Nf3 
Nc6 9.Qa4 Be7 10.O-O O-O 11.Bg5 h6 12.Bf4 a6 13.Nd4 Nxd4 14.Qxd4 Qa5 15.
Rac1 Rac8 16.a3 Rc4 17.Qd2 Qd8 18.Rfd1 Qc8 19.Nxd5 Bxd5 20.Bxd5 Nxd5 21.
Qxd5 Rxc1 22.Rxc1 Qh3 23.Qxb7 Bg5 24.Bxg5 hxg5 25.Qxa6 Rd8 26.b4 Kh7 27.
Qc4 Kg6 28.a4 Rh8 29.Qe4+ Kh6 30.b5 g6 31.b6 Kg7 32.Qe5+ Kf8 33.Rc8+ Qxc8 
34.Qxh8+ 1-0

[Event "N4-Castel/Ramonville"]
[Site "?"]
[Date "2009.03.19"]
[Round "-"]
[White "Company , François"]
[Black "Rivière , Frederic"]
[Result "1-0"]
[WhiteElo "1499"]
[BlackElo "1862"]
[EventDate "2009.03.15"]
[SourceDate "2009.03.15"]

1.c4 e5 2.Nc3 Nc6 3.e3 Nf6 4.d4 exd4 5.exd4 d5 6.Nf3 Bb4 7.Be3 O-O 8.h3 
Ne4 9.Rc1 f5 10.c5 Kh8 11.a3 f4 12.Bd2 Bxc3 13.Bxc3 Qe8 14.Be2 Qg6 15.Rg1 
Bf5 16.Qb3 Rae8 17.Kf1 Qe6 18.Re1 Bxh3 
    ( 18...Ng3+ 19.fxg3 fxg3 20.Bd2 
        ( 20.Bb4 Nxd4 21.Qd1 Nxf3 22.Bxf3 Qa6+ 23.Re2 Bd3 24.Ke1 Bxe2 25.
        Bxe2 Rf2 )
    20...Nxd4 21.Nxd4 
        ( 21.Qd1 Bc2 22.Bb5 Qf5 23.Rxe8 Rxe8 24.Qe2 Rxe2 )
        ( 21.Qxb7 Bd3 22.Bxd3 Rxf3+ 23.gxf3 Qxh3+ 24.Rg2 Qh1+ 25.Rg1 Qxf3#
        )
    21...Bd3+ 22.Nf3 Bxe2+ 23.Rxe2 Qxe2# )
19.gxh3 Qxh3+ 20.Rg2 Qh1+ 21.Rg1 Qh3+ 22.Rg2 Rf6 23.Ng1 
    ( 23.Qd1 )
23...Qh1 $2 
    ( 23...Nd2+ 24.Bxd2 Qxb3 )
24.Bf3 $18 Rfe6 25.Qxd5 Qh4 26.Rxe4 Rxe4 27.Bxe4 Qe7 28.f3 Qh4 29.Qf7 1-0

[Event "N4- Castel/Ramonville"]
[Site "?"]
[Date "2009.03.19"]
[Round "?"]
[White "Peltier , Mathieu"]
[Black "Catala, Laurent"]
[Result "1/2-1/2"]
[WhiteElo "1900"]
[BlackElo "1885"]
[EventDate "2009.03.15"]
[PlyCount "124"]
[SourceDate "2009.03.15"]

1.e4 e5 2.Nf3 Nc6 3.Bc4 Bc5 4.d3 h6 5.c3 d6 6.Nbd2 Nf6 7.O-O O-O 8.Re1 a6 
9.Bb3 Kh8 10.Nf1 Bg4 11.Be3 Bxe3 12.Nxe3 Bh5 13.Nf5 Nh7 14.Ng3 Bg4 15.h3 
Bd7 16.Qd2 Ne7 17.Rad1 f5 18.d4 fxe4 19.Rxe4 Bxh3 20.dxe5 d5 21.Bxd5 Qxd5 
22.Qxd5 Nxd5 23.gxh3 Nxc3 24.bxc3 Rxf3 25.Rc4 Raf8 26.e6 Re8 27.Rxc7 Rxe6 
28.Rdd7 Rc6 29.Rxb7 Rcxc3 30.Rxg7 Ng5 31.Rge7 Kg8 32.Kg2 Rc2 33.Nh1 Rf7 
34.Re8+ Kg7 35.Rbb8 Rxa2 36.Rg8+ Kf6 37.Rb6+ Ne6 38.Ra8 Ke5 39.Raxa6 Rxa6 
40.Rxa6 Rg7+ 41.Ng3 Rg6 42.Ra5+ Kf6 43.Rf5+ Kg7 44.h4 Nd4 45.Rd5 Ne2 46.
Kf3 Nxg3 47.fxg3 Rb6 48.Rd4 Rb5 49.Kf4 Kg6 50.g4 Rb1 51.h5+ Kg7 52.Kf5 
Rf1+ 53.Ke5 Rf2 54.Rd6 Re2+ 55.Kf4 Rf2+ 56.Kg3 Rf6 57.Rd5 Rf1 58.Rd7+ Kf6 
59.Rd6+ Kg7 60.Kg2 Rf4 61.Rg6+ Kh7 62.Kg3 Rf1 1/2-1/2

[Event "N4- Castel/Ramonville"]
[Site "?"]
[Date "2009.03.19"]
[Round "?"]
[White "Colas, Philippe"]
[Black "Devos , Hervé"]
[Result "1-0"]
[WhiteElo "2100"]
[BlackElo "1897"]
[EventDate "2009.03.15"]
[PlyCount "121"]
[SourceDate "2009.03.15"]

1.b3 Nf6 2.Bb2 g6 3.g4 Bg7 4.g5 Nh5 5.Bxg7 Nxg7 6.d4 d5 7.e3 e5 8.dxe5 
Qxg5 9.Qxd5 Nc6 10.Nf3 Qh5 11.Bb5 Bd7 12.Nbd2 O-O-O 13.O-O-O Be6 14.Qe4 
Bd5 15.Qf4 Ne6 16.Qg3 Nc5 17.Rhg1 Kb8 18.Qf4 Ne6 19.Qf6 Nc5 20.Rg5 Qh3 21.
Bxc6 Bxc6 22.Rg3 Qd7 23.Nd4 Bd5 24.Rgg1 a5 25.c4 Be6 26.Nxe6 Qxe6 27.Qxe6 
Nxe6 28.Ne4 Kc8 29.Rd5 b6 30.Nf6 h6 31.Kc2 Ng5 32.Rgd1 Nf3 33.h3 Rxd5 34.
cxd5 Nxe5 35.f4 Nd7 36.Ne4 f5 37.Nc3 Re8 38.Kd2 Nf6 39.Rg1 Rg8 40.Kd3 Kd7 
41.Kd4 Ke7 42.Nb5 Ne8 43.Ke5 Kd7 44.Rc1 Rg7 45.Nd4 Kc8 46.Ne6 Rd7 47.Rg1 
c6 48.dxc6 Rd3 49.Rxg6 Rxe3+ 50.Kxf5 Nd6+ 51.Kf6 Kb8 52.Rg8+ Nc8 53.Rg7 
Nd6 54.Rd7 Ne4+ 55.Ke7 Nc5 56.f5 h5 57.Rd8+ Ka7 58.c7 Nb7 59.c8=Q Nxd8 60.
Qxd8 Ka6 61.f6 1-0